000 00388 a2200169 4500
001 178592
020 _a978-85-262-6516-5
040 _cMagnum
100 _aBraga, Edson Rocha
240 1 0 _aAladim e a lâmpada maravilhosa
_lpor
245 1 0 _aAladim e a lâmpada maravilhosa
300 _a48
362 0 _a2008
440 1 _aScipione
697 _aLITERATURA INFANTO
942 _cBK
999 _c178592
_d178592